Quiz da Líbia - Statistics

Estatísticas Gerais
  • Esse quiz foi jogado 621 vezes
  • A pontuação média é 13 de 18
Estatísticas das Respostas
Dica Resposta % Correto
Países fronteiriços Egito
95%
Países fronteiriços Argélia
94%
Deserto do sul da Líbia Deserto do {Saara}
92%
Países fronteiriços Tunísia
92%
Língua oficial Árabe
91%
País europeu que colonizou a Líbia Itália
91%
Países fronteiriços Sudão
90%
Países fronteiriços Chade
89%
A única cor que apareceu na bandeira anterior da Líbia 1977-2011 Verde
88%
Países fronteiriços Níger
84%
Capital Trípoli
78%
Série de protestos que causaram a queda do acima Primavera Árabe
65%
Ditador da Líbia entre 1969 e 2011 Muammar al-Gaddafi
55%
Moeda oficial Dinar
50%
A Líbia recebe menos disso do que qualquer outro país, exceto um país vizinho Chuva
40%
Significado do nome da capital do Grego Três Cidades
36%
Segunda maior cidade Bengasi
30%
A Líbia fazia parte desta região histórica Berbéria
10%
Nenhum quiz correspondente encontrado
Distribuição das Pontuações
Porcentagem de Pessoas com Cada Pontuação
Percentil de Números Respondidos
Sua Pontuação Histórica
Você não jogou esse quiz